[Event "WYg14"]
[Site "Heraklio GRE"]
[Date "2002.11.23"]
[Round "10"]
[White "Nebolsina,V"]
[Black "Khotenashvili,B"]
[Result "1/2-1/2"]
[WhiteElo "2040"]
[BlackElo "2119"]

1.d4 Nf6 2.c4 e6 3.g3 Bb4+ 4.Bd2 Bxd2+ 5.Nxd2 c5 6.e4 O-O 7.dxc5 Qa5 8.e5 Ne4
9.Nf3 Nc6 10.a3 f5 11.exf6 Nxd2 12.Qxd2 Qxc5 13.Be2 Rxf6 14.O-O d5 15.Rac1 Qd6
16.Ng5 Qe5 17.Rfd1 d4 18.f4 Qc7 19.Nf3 e5 20.fxe5 Nxe5 21.Nxd4 Bh3 22.Nb5 Qc5+
23.Qd4 Qxd4+ 24.Nxd4 Raf8 25.c5 Rf2 26.Bf1 Bxf1 27.Rxf1 Rxb2 28.Rb1 Rxf1+
29.Rxf1 g6 30.Ne6 h5 31.Rf8+ Kh7 32.Ng5+ Kh6 33.Ne6 Kh7 34.Ng5+ Kh6 35.Ne6 Kh7
36.Ng5+  1/2-1/2

[Event "38th Junior"]
[Site "Hallsberg SWE"]
[Date "2003.01.01"]
[Round "5"]
[White "Olsson,L"]
[Black "Grecescu,G"]
[Result "0-1"]
[WhiteElo "2291"]
[BlackElo "2187"]

1.d4 Nf6 2.c4 e6 3.g3 Bb4+ 4.Nd2 O-O 5.Bg2 c5 6.a3 Bxd2+ 7.Qxd2 d6 8.b3 Nc6
9.dxc5 dxc5 10.Bxc6 bxc6 11.Nf3 Qxd2+ 12.Kxd2 Ne4+ 13.Ke3 Nd6 14.Kd3 e5 15.Nd2 Bf5+
16.e4 Bg6 17.g4 Rfd8 18.Ke3 Ne8 19.Bb2 f6 20.Bc3 a5 21.a4 Nc7 22.Rhd1 Ne6
23.Nf3 Nd4 24.Bxd4 cxd4+ 25.Kd3 Rab8 26.Rab1 Bf7 27.Ne1 Be6 28.f3 Kf7 29.Kc2 Ke7
30.Nd3 Kd6 31.h4 c5 32.Rg1 Rb7 33.Rgd1 h5 34.gxh5 Rh8 35.Rh1 Rxh5 36.Rbg1 Rh7
37.Rg3 g5 38.h5 Rh8 39.Rg2 Rbh7 40.Rgh2 Rh6  0-1

[Event "Troll Masters"]
[Site "Gausdal NOR"]
[Date "2003.01.07"]
[Round "1"]
[White "Glenne,BE"]
[Black "Rozentalis,E"]
[Result "1/2-1/2"]
[WhiteElo "2203"]
[BlackElo "2585"]

1.d4 Nf6 2.c4 e6 3.g3 Bb4+ 4.Bd2 Qe7 5.Bg2 Nc6 6.Nf3 Bxd2+ 7.Nbxd2 d6 8.O-O O-O
9.a3 a5 10.b3 e5 11.e3 Bg4 12.Qc2 Rfe8 13.h3 Bh5 14.dxe5 dxe5 15.Nh4 e4 16.g4 Bxg4
17.hxg4 Nxg4 18.Nf5 Qg5 19.Ng3 f5 20.Bxe4 fxe4 21.Ndxe4 Qh4 22.Kg2 Qh2+ 23.Kf3 Rf8+
24.Ke2 Nxf2 25.Rxf2 Rxf2+ 26.Nxf2 Qxg3 27.Rh1 h6 28.Qe4 Qe5 29.Qd5+ Kh8 30.Nd3 Qc3
31.Nf4 Re8 32.Rh3 Qc2+ 33.Kf3 Ne5+ 34.Kg3 Qxb3 35.Qd4 Qb1 36.Rh5 Qe1+ 37.Kg2 c5
38.Qe4 Qd2+ 39.Kg3 Qe1+ 40.Kg2 Qd2+ 41.Kg3  1/2-1/2

[Event "11th Aosta Open"]
[Site "Saint Vincent ITA"]
[Date "2003.02.08"]
[Round "1"]
[White "Pascal,P"]
[Black "Atalik,S"]
[Result "0-1"]
[WhiteElo "2193"]
[BlackElo "2581"]

1.d4 Nf6 2.c4 e6 3.g3 Bb4+ 4.Bd2 c5 5.Bxb4 cxb4 6.Nf3 b6 7.Bg2 Bb7 8.O-O O-O
9.Nbd2 d6 10.a3 bxa3 11.Rxa3 Nc6 12.Qb3 a5 13.Nb1 Nb4 14.Nc3 Rc8 15.Na2 d5
16.c5 bxc5 17.dxc5 Rxc5 18.Nxb4 Rb5 19.Qa4 Rxb4 20.Qxa5 Rxb2 21.e3 Ne4 22.Ne5 Qd6
23.Bxe4 Qxe5 24.Bg2 Ra8 25.Qc5 Rc8 26.Qe7 h6 27.Ra7 Qb8 28.Ra4 Rc7 29.Qd6 Rxf2
30.Qb6 Rxg2+ 31.Kxg2 d4+ 32.Kg1 Rc2 33.Rb1 Rg2+ 34.Kf1 Rxh2 35.Qxb7 Rh1+
36.Kg2 Rxb1 37.Qe4 Ra1 38.Rxa1 Qb2+ 39.Kf3 Qxa1 40.exd4  0-1

[Event "TCh-CZE 2002-3"]
[Site "Czech Rep CZE"]
[Date "2003.02.16"]
[Round "7"]
[White "Civin,T"]
[Black "Kulhanek,T"]
[Result "1-0"]
[WhiteElo "2387"]
[BlackElo "2366"]

1.d4 Nf6 2.c4 e6 3.g3 Bb4+ 4.Bd2 Qe7 5.Bg2 Nc6 6.Nf3 Bxd2+ 7.Nbxd2 d6 8.O-O e5
9.d5 Nb8 10.e4 a5 11.Qc2 O-O 12.Ne1 Na6 13.Nd3 Bd7 14.Rfc1 g6 15.c5 Bb5 16.Qc3 Bxd3
17.cxd6 cxd6 18.Qxd3 Nc5 19.Qe2 h5 20.h4 Ng4 21.Bh3 Nh6 22.Rc2 Kg7 23.Rac1 Rab8
24.Nc4 b6 25.b3 f5 26.exf5 Nxf5 27.Bxf5 Rxf5 28.Ne3 Rf7 29.Qb5 g5 30.Qe2 Rh8
31.Ng2 g4 32.Ne1 Qb7 33.Qe3 Rf5 34.Rd1 Qa6 35.Nd3 Rhf8 36.Nb2 R8f7 37.Nc4 b5
38.Nxd6 Qxd6 39.Rxc5 Rxf2 40.Rc6 Qd8 41.Qxe5+ R7f6 42.Qg5+ Kf8 43.Qxh5 Qe7
44.Rc8+ Kg7 45.Qh8+ Kg6 46.Rg8+ Kf5 47.Qh5+ Ke4 48.Re8 Kf3 49.Rxe7  1-0

[Event "11th Aosta Open"]
[Site "Saint Vincent ITA"]
[Date "2003.02.16"]
[Round "9"]
[White "Bauer,Ch"]
[Black "Roeder,M"]
[Result "1-0"]
[WhiteElo "2579"]
[BlackElo "2442"]

1.d4 Nf6 2.c4 e6 3.g3 Bb4+ 4.Bd2 Be7 5.Bg2 d5 6.Nf3 O-O 7.O-O c6 8.Qc2 b6
9.Rd1 Ba6 10.b3 Nbd7 11.Bf4 Nh5 12.Bc1 Nhf6 13.Bb2 Rc8 14.Nc3 b5 15.c5 b4
16.Nb1 Bb5 17.a3 a5 18.Ne1 Qc7 19.Nd3 Bxd3 20.Qxd3 e5 21.e3 e4 22.Qe2 Ra8
23.Nd2 Rfe8 24.Ra2 Qb7 25.Rda1 Reb8 26.Qe1 Ne8 27.axb4 axb4 28.Bh3 Nf8 29.Ra4 Ne6
30.R1a2 N8c7 31.Qa1 Rxa4 32.Rxa4 Ra8 33.Rxa8+ Nxa8 34.Qa4 Nac7 35.Bf1 f5
36.h4 Bf6 37.Qa5 Qa8 38.Qxb4 f4 39.Bh3 Qa2 40.Qa3 Qxa3 41.Bxa3 f3 42.Bb4 Kf7
43.Ba5 Nb5 44.Kf1 g6 45.Ke1 h5 46.Nb1 Ke7 47.Bf1 Nec7 48.Bxc7 Nxc7 49.b4 g5
50.hxg5 Bxg5 51.Nc3 h4 52.gxh4 Bxh4 53.Bh3 Kd8 54.Bf5 Na6 55.b5 Nb4 56.bxc6 Kc7
57.Bd7 Nd3+ 58.Kf1 Bxf2 59.Nxd5+ Kd8 60.Bf5 Bg3 61.Bxe4  1-0

[Event "Mediteranian Flower WGM"]
[Site "Rejika CRO"]
[Date "2003.03.10"]
[Round "4"]
[White "Sargac,D"]
[Black "Franciskovic,B"]
[Result "1-0"]
[WhiteElo "2211"]
[BlackElo "1991"]

1.d4 Nf6 2.c4 e6 3.g3 Bb4+ 4.Bd2 c5 5.Bxb4 cxb4 6.Nf3 O-O 7.Bg2 d6 8.O-O Re8
9.a3 bxa3 10.Rxa3 Nc6 11.Nc3 e5 12.d5 Nb4 13.Nd2 Bf5 14.e4 Bd7 15.h3 Qb6
16.Ne2 a5 17.Kh2 Qc7 18.g4 b5 19.Ng3 Reb8 20.f4 exf4 21.Rxf4 bxc4 22.g5 Ne8
23.Raf3 f6 24.gxf6 Nxf6 25.Rxf6 gxf6 26.Nh5 Rf8 27.Qe1 Be8 28.Qg3+ Bg6 29.Nf4 Qf7
30.Nxc4 Kh8 31.Nxd6 Qg8 32.Ne6 Rf7 33.Nxf7+ Qxf7 34.Rc3 Na6 35.Nc7 Rg8 36.Qf4 Nb8
37.d6 Nd7 38.Nd5 f5 39.e5 Bh5 40.Ne7 Re8 41.Bd5 Qg7 42.Nc6 Nxe5 43.Nxe5 Rxe5
44.Rg3 Re2+ 45.Rg2 Rxg2+ 46.Bxg2 Qd7 47.Qe5+ Kg8 48.Qf6 Bf7 49.h4 Qe8 50.Qxf5 Qd8
51.Qg5+ Qxg5 52.hxg5 Be6 53.Bd5  1-0

[Event "Stroer Trophy"]
[Site "Cannes FRA"]
[Date "2003.03.13"]
[Round "7"]
[White "Zhao Xue"]
[Black "Leconte,JO"]
[Result "1-0"]
[WhiteElo "2428"]
[BlackElo "2302"]

1.d4 Nf6 2.c4 e6 3.g3 Bb4+ 4.Bd2 c5 5.Bxb4 cxb4 6.Bg2 d6 7.Nf3 Nc6 8.Nbd2 O-O
9.Nf1 e5 10.Ne3 Qb6 11.O-O exd4 12.Nd5 Nxd5 13.cxd5 Ne5 14.Nxd4 Bd7 15.e3 Rac8
16.a3 bxa3 17.Rxa3 Nc4 18.Rb3 Qa6 19.Qa1 Rc5 20.Qxa6 bxa6 21.Ra1 a5 22.Rb7 Bc8
23.Rxa7 Nxb2 24.R7xa5 Bb7 25.Nf5 Nc4 26.Rxc5 dxc5 27.Rc1 Ra8 28.d6 Bxg2 29.Kxg2 Nb6
30.Rxc5 g6 31.Rc6 gxf5 32.Rxb6 Rd8 33.Kf3 Kg7 34.Kf4 Kf6 35.d7+ Ke7 36.Kxf5 Rxd7
37.Rh6 Rd2 38.f4 Rd3 39.e4 Ra3 40.Rxh7 Ra5+ 41.e5 Ra6 42.g4 Kf8 43.g5 Kg8
44.Rh6 Ra8 45.h4 Kg7 46.h5 Rf8 47.Rb6 Kh7 48.Rb7 Kh8 49.Kf6 Kg8 50.f5  1-0

[Event "Team Cup"]
[Site "Belgrade YUG"]
[Date "2003.04.08"]
[Round "5"]
[White "Jablan,M"]
[Black "Vasovic,D"]
[Result "1-0"]
[WhiteElo "2224"]
[BlackElo "2221"]

1.d4 Nf6 2.c4 e6 3.g3 Bb4+ 4.Bd2 Qe7 5.Bg2 Bxd2+ 6.Qxd2 d6 7.Nf3 O-O 8.O-O e5
9.Nc3 Nbd7 10.Rac1 c6 11.e4 a6 12.Rfd1 b5 13.c5 dxc5 14.dxe5 Ne8 15.Qf4 c4
16.Rc2 Bb7 17.Rcd2 Nc5 18.Qg5 Qxg5 19.Nxg5 h6 20.Nh3 a5 21.f4 a4 22.a3 Nc7
23.Ne2 Rfe8 24.Nf2 Kf8 25.Rd6 N7e6 26.Bh3 Ke7 27.Bg4 Ra6 28.h4 Nd3 29.Bxe6 fxe6
30.Nxd3 cxd3 31.R1xd3 Bc8 32.Nd4 c5 33.Nxb5 c4 34.R3d4  1-0

[Event "FSIMB April"]
[Site "Budapest HUN"]
[Date "2003.04.11"]
[Round "7"]
[White "Lehmann,Ho"]
[Black "Hardicsay,P"]
[Result "1/2-1/2"]
[WhiteElo "2222"]
[BlackElo "2316"]

1.d4 Nf6 2.c4 e6 3.g3 Bb4+ 4.Nd2 d5 5.Bg2 O-O 6.Nf3 Nbd7 7.O-O b6 8.Qc2 Bb7
9.b3 Be7 10.Bb2 c5 11.dxc5 Bxc5 12.cxd5 exd5 13.Rac1 Qe7 14.e3 a5 15.Nd4 g6
16.a4 Rac8 17.Qb1 Ne4 18.N2f3 Ba3 19.Nb5 Bxb2 20.Qxb2 Rxc1 21.Rxc1 Ndc5 22.Rd1 Re8
23.Ne1 Rc8 24.h4 h5 25.Bf3 Rd8 26.Bg2 Rc8 27.Nf3 Re8 28.Nfd4 Rc8 29.Qe2 Ba6
30.Qf3 Qe5 31.Bh3 f5 32.Bf1 Bb7 33.Qf4 Qxf4 34.gxf4 Rd8 35.f3 Nf6 36.Rd2 Kf7
37.Rc2 Ke7 38.Kf2 Rc8 39.Ke1 Kd7 40.Rg2 Rg8 41.Nc3 Ke7 42.Bb5 Kd6 43.Kd2 Ba8
44.Be2 Bb7 45.Ncb5+  1/2-1/2

[Event "41st Doeberl Cup"]
[Site "Canberra AUS"]
[Date "2003.04.22"]
[Round "7"]
[White "Froehlich,P"]
[Black "Johansen,D"]
[Result "1/2-1/2"]
[WhiteElo "2425"]
[BlackElo "2503"]

1.d4 e6 2.c4 Nf6 3.g3 Bb4+ 4.Bd2 Qe7 5.Nf3 O-O 6.Bg2 Bxd2+ 7.Qxd2 d6 8.Nc3 e5
9.O-O Re8 10.dxe5 dxe5 11.Ng5 h6 12.Nge4 Nxe4 13.Bxe4 c6 14.Rfd1 Be6 15.b3 Nd7
16.Qc2 Nc5  1/2-1/2

[Event "5th Open"]
[Site "Dubai UAE"]
[Date "2003.04.22"]
[Round "3"]
[White "Gleizerov,E"]
[Black "Sturua,Z"]
[Result "1-0"]
[WhiteElo "2574"]
[BlackElo "2545"]

1.d4 Nf6 2.c4 e6 3.g3 Bb4+ 4.Bd2 Qe7 5.Nf3 Nc6 6.Nc3 d6 7.d5 exd5 8.Nxd5 Nxd5
9.cxd5 Ne5 10.Nxe5 Bxd2+ 11.Qxd2 dxe5 12.Bg2 O-O 13.Rc1 Rd8 14.Qc3 Bd7 15.O-O Rdc8
16.Qb3 Rab8 17.Qe3 c5 18.dxc6 bxc6 19.b3 Be8 20.Rc5 Rb5 21.Rfc1 Rxc5 22.Rxc5 f6
23.f4 Rd8 24.fxe5 Rd6 25.Ra5 Rd1+ 26.Kf2 Qb4 27.exf6 Bf7 28.Rg5 g6 29.Re5 Qd6
30.Qf4 Rd4  1-0

[Event "XXI Open"]
[Site "Metz FRA"]
[Date "2003.04.25"]
[Round "7"]
[White "Pascal,P"]
[Black "Ciuksyte,D"]
[Result "0-1"]
[WhiteElo "2193"]
[BlackElo "2375"]

1.d4 Nf6 2.c4 e6 3.g3 Bb4+ 4.Bd2 a5 5.Nc3 d5 6.c5 e5 7.a3 Bxc3 8.bxc3 Nc6
9.Nf3 e4 10.Nh4 h6 11.a4 O-O 12.Ng2 Ne7 13.h3 Nd7 14.Nf4 b6 15.Qb3 Bb7 16.Rg1 Rb8
17.Qa3 bxc5 18.g4 cxd4 19.cxd4 g5 20.Nh5 Nc6 21.h4 Nxd4 22.Qc3 c5 23.hxg5 hxg5
24.f4 f6 25.fxg5 fxg5 26.O-O-O Bc6 27.e3 Qb6 28.Bb5 Ne2+  0-1

[Event "28th Elekes Mem GM"]
[Site "Budapest HUN"]
[Date "2003.05.17"]
[Round "1"]
[White "Anka,E"]
[Black "Medvegy,N"]
[Result "1/2-1/2"]
[WhiteElo "2451"]
[BlackElo "2385"]

1.d4 Nf6 2.c4 e6 3.g3 Bb4+ 4.Nd2 c5 5.dxc5 Bxc5 6.Nb3 Be7 7.Bg2 Nc6 8.Nf3 O-O
9.O-O b6 10.Nfd4 Bb7 11.Bf4 d5 12.Nxc6 Bxc6 13.Nd4 Bb7 14.Rc1 Qd7 15.cxd5 Nxd5
16.Nf5 exf5 17.Rc7 Qe6 18.Rxb7 Nxf4 19.gxf4 Rad8 20.Qb1 Rd2 21.e3 Bf6 22.Rxa7 Rxb2
23.Qd3 Rd8 24.Qa3 g6 25.Ra8 Rxa8 26.Qxa8+ Kg7 27.Bd5 Qe7 28.Bb3 Qc7 29.Qd5 Bh4
30.Kg2 Qe7 31.Qd4+ Qf6 32.Qxf6+ Kxf6 33.h3 h6 34.Kf3 Ke7 35.Bc4 b5 36.Bb3 f6
37.Bg8 h5 38.Bb3 g5 39.e4 fxe4+ 40.Kxe4 Rxf2 41.Rxf2 Bxf2 42.fxg5 fxg5 43.Bd1 g4  1/2-1/2

[Event "TCh-Serbia & Montenegro"]
[Site "Budva YUG"]
[Date "2003.05.18"]
[Round "?"]
[White "Blagojevic,D"]
[Black "Pavlovic,G1"]
[Result "1/2-1/2"]
[WhiteElo "2548"]
[BlackElo "2342"]

1.d4 Nf6 2.c4 e6 3.g3 Bb4+ 4.Bd2 Be7 5.Bg2 d5 6.Nf3 c6 7.Qc2 O-O 8.O-O b6
9.Bf4 Bb7 10.b3 Na6 11.Nc3 c5 12.dxc5 bxc5 13.Rfd1 Qc8 14.cxd5 exd5 15.Rac1 Rd8
16.Ne5 Qe6 17.Nd3 Rac8 18.Qb1 Bc6 19.Bg5 d4 20.Bxc6 Rxc6 21.Na4 Ne4 22.Bf4 Bf6
23.Qc2 Nc3 24.Nxc3  1/2-1/2

[Event "28th Elekes Mem IM"]
[Site "Budapest HUN"]
[Date "2003.05.21"]
[Round "5"]
[White "Lund,E"]
[Black "Roberts,P"]
[Result "1/2-1/2"]
[WhiteElo "2269"]
[BlackElo "2211"]

1.d4 Nf6 2.c4 e6 3.g3 Bb4+ 4.Nd2 d5 5.Nf3 O-O 6.Bg2 b6 7.O-O Bb7 8.Qc2 Nbd7
9.Rd1 Bd6 10.e4 dxe4 11.Ng5 Qc8 12.Ndxe4 Nxe4 13.Nxe4 f5 14.Nxd6 cxd6 15.f3 b5
16.b3 Bd5 17.Ba3 bxc4 18.bxc4 Qxc4 19.Qxc4 Bxc4 20.Bxd6 Rfc8 21.f4 Bd5 22.Bxd5 exd5
23.Rdc1 Nb6 24.Rc5 Nc4 25.Bc7 a6 26.Rc1 Kf7 27.Rb1 Ke6 28.Rb7 a5 29.Be5 Rxc5
30.dxc5 Nxe5 31.Rb6+ Ke7 32.fxe5 Rc8 33.Rb5 a4 34.Kf2 Ke6 35.Ke3 Kxe5 36.Ra5 g5
37.Kd3 h5 38.Rxa4 Rxc5 39.Ra8 f4 40.Re8+ Kf5 41.gxf4 Kxf4 42.Rf8+ Kg4 43.Rf2 Kh3  1/2-1/2

[Event "17th Open"]
[Site "Pula CRO"]
[Date "2003.06.02"]
[Round "3"]
[White "Horvath,Cs"]
[Black "Bratovic,B"]
[Result "1-0"]
[WhiteElo "2510"]
[BlackElo "2321"]

1.d4 Nf6 2.c4 e6 3.g3 Bb4+ 4.Bd2 Be7 5.Bg2 d5 6.Nf3 c6 7.Qc2 O-O 8.O-O b6
9.Bf4 Bb7 10.Ne5 Nbd7 11.cxd5 cxd5 12.Nc6 Bxc6 13.Qxc6 Rc8 14.Qa4 Nh5 15.Be3 f5
16.Na3 Bd6 17.Rac1 Ndf6 18.Rxc8 Qxc8 19.Qxa7 f4 20.Bd2 Ne4 21.Bxe4 dxe4 22.Nb5 Bb8
23.Qe7 Rf7 24.Qh4 Rf5 25.Nc3 e3 26.g4 Rf8 27.fxe3 fxe3 28.Bxe3 Rxf1+ 29.Kxf1 Nf6
30.g5 Nd5 31.Nxd5 exd5 32.Kg2 Qf5 33.Qh3 Qe4+ 34.Qf3 Qe6 35.Bf2 Bd6 36.Bg3 Be7
37.h4 b5 38.a3 Bf8 39.Be5 Be7 40.Kg3 b4 41.a4 Qc6 42.b3 Bd6 43.Bxd6 Qxd6+
44.Kg2 Qe6 45.a5 Qc6 46.Kf2 Qb5 47.a6 Qxa6 48.Qxd5+ Kf8 49.Qf5+ Kg8 50.d5 Qa1
51.Qe6+ Kf8 52.d6 Qd4+ 53.Kg2  1-0

[Event "4th IECC"]
[Site "Istanbul TUR"]
[Date "2003.06.07"]
[Round "8"]
[White "Grant,J"]
[Black "Moor,R"]
[Result "1/2-1/2"]
[WhiteElo "2253"]
[BlackElo "2405"]

1.d4 Nf6 2.c4 e6 3.g3 Bb4+ 4.Nd2 c5 5.a3 Bxd2+ 6.Qxd2 cxd4 7.Qxd4 Nc6 8.Qd3 d5
9.cxd5 Ne5 10.Qd4 Nc6 11.Qd1 exd5 12.Nf3 O-O 13.Bg2 Bg4 14.h3 Bf5 15.Nd4 Be4
16.f3 Bg6 17.Be3 Qb6 18.Qd2 Rfe8 19.Bf2 Ne5 20.O-O Nc4 21.Qb4 Qxb4 22.axb4 Nxb2
23.Ra2 Nc4 24.Nb5 Ne3 25.Rc1 Nxg2 26.Kxg2 a6 27.Nc7 Rac8 28.b5 Red8 29.bxa6 bxa6
30.Rc5 d4 31.Nxa6 d3 32.Rxc8 Rxc8 33.e4 Bxe4 34.fxe4 Nxe4 35.Be3 Rd8  1/2-1/2

[Event "Master Open"]
[Site "Voronezh RUS"]
[Date "2003.06.19"]
[Round "7"]
[White "Sambuev,B"]
[Black "Andreev,Vit"]
[Result "1-0"]
[WhiteElo "2484"]
[BlackElo "2331"]

1.d4 Nf6 2.c4 e6 3.g3 Bb4+ 4.Bd2 Be7 5.Bg2 O-O 6.Nf3 d5 7.O-O c6 8.Qc2 b6
9.Rd1 Ba6 10.Ne5 Nfd7 11.cxd5 Nxe5 12.dxe5 exd5 13.Bc3 Qc7 14.e4 dxe4 15.Qxe4 Bc8
16.Na3 Bxa3 17.bxa3 a5 18.f4 Be6 19.f5 Bd5 20.Qg4 Qc8 21.e6 f6 22.e7 Rf7
23.Rxd5 cxd5 24.Re1 Qe8 25.Bxd5 Nc6 26.Bxf6  1-0

[Event "1st Stage Russian Cup"]
[Site "Tomsk RUS"]
[Date "2003.07.06"]
[Round "3"]
[White "Degterev,A"]
[Black "Zvezdin,V"]
[Result "1/2-1/2"]
[WhiteElo "2331"]
[BlackElo "2126"]

1.d4 Nf6 2.c4 e6 3.g3 Bb4+ 4.Bd2 c5 5.Bxb4 cxb4 6.Nf3 d6 7.Bg2 O-O 8.O-O Re8
9.a3 Na6 10.Qb3 Qb6 11.axb4 Qxb4 12.Nfd2 Qxb3 13.Nxb3 d5 14.cxd5 exd5 15.Nc3 Nb4
16.Ra4 Nc6 17.e3 Be6 18.Nc5 a5 19.Rc1 Re7 20.Nb5 Nd8 21.Ra3 Nd7 22.Nxe6 fxe6
23.Rac3 Nc6 24.Nc7 Rd8 25.Bh3 Kf7 26.Na6 Ra8 27.Nc5 Nxc5 28.Rxc5 Rd7 29.Bf1 Rc7
30.Bd3 g6 31.h4 Kf6 32.Kg2 Rac8 33.g4 Ke7 34.Kg3 Kd6 35.R5c3 Rf8 36.f4 Rb8
37.Rh1 b5 38.h5 b4 39.Rcc1 Ne7 40.Ra1 Ra7 41.hxg6 hxg6 42.Bc2 b3 43.Bd3 a4
44.Ra3 Nc8 45.Rc1 Nb6 46.Rc3 Rc7 47.Rxc7 Kxc7 48.Bxg6 Ra8 49.Ra1  1/2-1/2

[Event "Canadian Open"]
[Site "Kapuskasing CAN"]
[Date "2003.07.13"]
[Round "2"]
[White "Iljushin,A"]
[Black "Perelshteyn,E"]
[Result "1/2-1/2"]
[WhiteElo "2553"]
[BlackElo "2480"]

1.d4 Nf6 2.c4 e6 3.g3 Bb4+ 4.Bd2 Qe7 5.Bg2 Nc6 6.Nf3 Bxd2+ 7.Nbxd2 d6 8.O-O O-O
9.e4 e5 10.d5 Nb8 11.Ne1 a5 12.b3 Na6 13.a3 Bg4 14.f3 Bd7 15.Nd3 c6 16.f4 b5
17.cxb5 cxb5 18.Qf3 Rac8 19.Rac1 Rxc1 20.Rxc1 Rc8 21.Rxc8+ Bxc8 22.h3 Qc7
23.fxe5 dxe5 24.Qf1 Ne8 25.Qc1 Qxc1+ 26.Nxc1 Nd6 27.Nd3 f6 28.Kf2 Kf8 29.g4 Kf7
30.Bf1 Nc7  1/2-1/2

[Event "KB Czech Open"]
[Site "Pardubice CZE"]
[Date "2003.07.21"]
[Round "4"]
[White "Porat,S"]
[Black "Gyimesi,Z"]
[Result "0-1"]
[WhiteElo "2365"]
[BlackElo "2553"]

1.d4 Nf6 2.c4 e6 3.g3 Bb4+ 4.Nd2 c5 5.Nf3 cxd4 6.a3 Bxd2+ 7.Qxd2 Nc6 8.Nxd4 Na5
9.Qb4 d5 10.e4 dxc4 11.Be3 Bd7 12.Bg2 Qb6 13.Qc3 Qa6 14.Nc2 O-O 15.Bg5 e5
16.O-O Nc6 17.h3 Rfe8 18.Rfd1 Be6 19.f4 Rad8 20.fxe5 Rxd1+ 21.Rxd1 Nd7 22.Bf4 Qb6+
23.Kh2 Qb3 24.Qxb3 cxb3 25.Nd4 Ndxe5 26.Nxe6 Rxe6 27.Rc1 f6 28.Rc3 Na5 29.Bf1 Rd6
30.h4 Rd4 31.Rc8+ Kf7 32.Rc7+ Kf8 33.Rc8+ Ke7 34.Rc7+ Rd7 35.Rc5 Nac6 36.Rc3 Rd1
37.Bh3 Rd3 38.Rc1 Ng6 39.Bf1 Nxf4 40.Bxd3 Nxd3 41.Rc3 Nde5 42.Rxb3 b6 43.Rc3 Kd6
44.Kg2 a5 45.Kf2 b5 46.h5 a4 47.Rc2 Nc4 48.g4 Nd4  0-1

[Event "25th Politiken Cup"]
[Site "Copenhagen DEN"]
[Date "2003.07.22"]
[Round "8"]
[White "Olsson,L"]
[Black "Jakobsen,O"]
[Result "1/2-1/2"]
[WhiteElo "2244"]
[BlackElo "2381"]

1.d4 Nf6 2.c4 e6 3.g3 Bb4+ 4.Nd2 O-O 5.Bg2 d5 6.Qc2 b6 7.Nf3 Bb7 8.O-O Re8
9.Rd1 Qc8 10.Ne5 Bf8 11.Ndf3 Ne4 12.Bf4 c5 13.Rac1 f6 14.Nd3 Na6 15.cxd5 exd5
16.dxc5 bxc5 17.h4 Kh8 18.Nd2 Qe6 19.b3 Rac8 20.Qb1 d4 21.Nxe4 Bxe4 22.Bxe4 Qxe4
23.Rc2 Rcd8 24.Qc1 Rd5 25.Qa3 Qe6 26.Qa4 Rdd8 27.Rdc1 Qb6 28.Bd2 Qb7 29.Ba5 Rb8
30.Qc4 Qb5 31.Qxb5  1/2-1/2

[Event "KB Czech Open"]
[Site "Pardubice CZE"]
[Date "2003.07.22"]
[Round "5"]
[White "Haba,P"]
[Black "Kristjansson,S"]
[Result "1-0"]
[WhiteElo "2502"]
[BlackElo "2404"]

1.d4 e6 2.c4 Nf6 3.g3 Bb4+ 4.Nd2 d5 5.Bg2 O-O 6.Qc2 Nc6 7.Nf3 Ne4 8.O-O Nxd2
9.Bxd2 Bxd2 10.Qxd2 dxc4 11.Qc3 e5 12.dxe5 Qe7 13.Rad1 Bg4 14.Qxc4 Bxf3 15.exf3 Qxe5
16.b4 a6 17.f4 Qb5 18.Rc1 Qxb4 19.Qxb4 Nxb4 20.Rxc7 Nxa2 21.Ra1 Nb4 22.Rxb7 Rab8
23.Rb1 a5 24.Ra1 Rxb7 25.Bxb7 Rd8 26.Rxa5 Kf8 27.Be4 h6 28.h4 Rd4 29.Ra8+ Ke7
30.Ra7+ Rd7 31.Ra4 Nd5 32.Bc2 Nf6 33.Bb3 Rb7 34.Bc4 Rc7 35.Kg2 Nd7 36.Rb4 Nf6
37.Kf3 Nd7 38.g4 g5 39.h5 gxf4 40.Kxf4 Kf6 41.Bd5 Rc5 42.Be4 Nf8 43.Bf5 Rc6
44.Re4 Rb6 45.Re8 Kg7 46.Re7 Kf6 47.Re8 Kg7 48.f3 Ra6 49.Kg3 Rb6 50.f4 Rb3+
51.Kf2 Rb4 52.Kf3 Rb3+ 53.Re3 Rb6 54.g5 Nh7 55.Bxh7 Kxh7 56.Re7 Kg8 57.Kg4 Ra6
58.Kf5 Kf8 59.Rd7 Ra5+ 60.Kf6 Ra6+ 61.Ke5 Kg7 62.g6 Ra5+ 63.Ke4 Rxh5 64.f5 Kf8
65.Rxf7+  1-0

[Event "FSGM August"]
[Site "Budapest HUN"]
[Date "2003.08.03"]
[Round "2"]
[White "Bezold,M"]
[Black "Braun,A"]
[Result "1/2-1/2"]
[WhiteElo "2462"]
[BlackElo "2366"]

1.d4 Nf6 2.c4 e6 3.g3 Bb4+ 4.Bd2 Be7 5.Bg2 d5 6.Nf3 O-O 7.O-O Nbd7 8.Qc2 c6
9.b3 b6 10.Rd1 Bb7 11.Bf4 Nh5 12.Bc1 Nhf6 13.Nc3 Rc8 14.e4 dxe4 15.Nxe4 Nxe4
16.Qxe4 Qc7 17.Bf4 Bd6 18.Bxd6 Qxd6 19.Ne5  1/2-1/2

[Event "Open"]
[Site "Olomouc CZE"]
[Date "2003.08.06"]
[Round "8"]
[White "Berezjuk,S"]
[Black "Laznicka,V"]
[Result "0-1"]
[WhiteElo "2398"]
[BlackElo "2446"]

1.d4 Nf6 2.c4 e6 3.g3 Bb4+ 4.Bd2 Qe7 5.Bg2 Nc6 6.Nf3 Bxd2+ 7.Nbxd2 d6 8.O-O a5
9.e4 e5 10.d5 Nb8 11.Ne1 O-O 12.Nd3 Na6 13.Qc2 c6 14.dxc6 bxc6 15.Qc3 a4
16.Rae1 Nd7 17.f4 Nac5 18.f5 Nxd3 19.Qxd3 Nc5 20.Qc3 f6 21.g4 Rb8 22.Rf2 Qb7
23.Nf3 Qb4 24.Qc2 Ba6 25.Bf1 Rfd8 26.Rd1 Bb7 27.g5 Kh8 28.Rg2 d5 29.exd5 cxd5
30.gxf6 gxf6 31.Qe2 Ne4 32.cxd5 Rxd5 33.Rc1 Rdd8 34.Qe3 Qe7 35.Nh4 Ng5 36.Rg4 Rg8
37.Kf2 Bd5 38.Rc2 Rb4 39.Bc4 Rxc4 40.Rcxc4 Bxc4 41.Rxc4 Qb7 42.b3 Qh1 43.Ng6+ hxg6
44.Rh4+ Kg7 45.Qa7+ Nf7 46.Rh7+ Kxh7 47.Qxf7+ Rg7  0-1

[Event "Hilton Premier"]
[Site "Blackpool ENG"]
[Date "2003.08.08"]
[Round "8"]
[White "Kunte,A"]
[Black "Davies,N"]
[Result "1/2-1/2"]
[WhiteElo "2515"]
[BlackElo "2482"]

1.d4 Nf6 2.c4 e6 3.g3 Bb4+ 4.Bd2 Be7 5.Bg2 d5 6.Nf3 O-O 7.O-O b6 8.cxd5 exd5
9.Nc3 Bb7 10.Bf4 Na6 11.Rc1 Qd7 12.b3  1/2-1/2

[Event "TCh-BIH"]
[Site "Neum BIH"]
[Date "2003.08.24"]
[Round "2"]
[White "Bratic,I"]
[Black "Ascic,P"]
[Result "0-1"]
[WhiteElo "2220"]
[BlackElo "2347"]

1.d4 Nf6 2.c4 e6 3.g3 Bb4+ 4.Bd2 Be7 5.Bg2 c5 6.d5 d6 7.Nc3 e5 8.e4 O-O 9.Nge2 Na6
10.O-O Nc7 11.f4 Bg4 12.h3 Bxe2 13.Qxe2 Nd7 14.f5 Rb8 15.h4 a6 16.a4 b6 17.Rf2 Rb7
18.Bf1 Kh8 19.Qh5 Rg8 20.Be2 Ne8 21.Raf1 Ndf6 22.Qf3 Nd7 23.Rh2 g6 24.g4 g5
25.f6 Bxf6 26.hxg5 Bxg5 27.Qxf7 Ndf6 28.Qxb7 Bxd2 29.Qf7 Rg7 30.Qe6 Bf4 31.Rxf4 exf4
32.Qf5 Qd7 33.Kf2 Qe7 34.g5 Nd7 35.g6 Qe5 36.Kf3 Qd4 37.Kxf4 Nef6 38.Kg3 Rxg6+
39.Qxg6 Qg1+  0-1

[Event "1st League TCh-SCG"]
[Site "Budva SCG"]
[Date "2003.08.30"]
[Round "2"]
[White "Antic,D"]
[Black "Ilincic,Z"]
[Result "0-1"]
[WhiteElo "2466"]
[BlackElo "2557"]

1.d4 Nf6 2.c4 e6 3.g3 Bb4+ 4.Bd2 c5 5.Bg2 Qb6 6.d5 exd5 7.cxd5 d6 8.Nc3 O-O
9.e4 Nfd7 10.Nge2 Ne5 11.O-O Bg4 12.f3 Bd7 13.Kh1 Nd3 14.b3 c4 15.bxc4 Nf2+
16.Rxf2 Qxf2 17.e5 Bxc3 18.Nxc3 dxe5 19.Ne4 Qd4 20.Qc1 b5 21.cxb5 f5 22.Nc3 Rc8
23.Qe1 Be8 24.Bh3 Bh5 25.g4 fxg4 26.fxg4 Bxg4 27.Bxg4 Qxg4 28.Qxe5 Nd7 29.Qe6+ Qxe6
30.dxe6 Nf6 31.a4 Rc4 32.a5 Ne4 33.Nxe4 Rxe4 34.Bc3 Rxe6 35.Bd4 Re4 36.Bc3 Rc4
37.Bd2 Rc2 38.Be3 Rb2 39.Rd1 Rxb5 40.Rd7 Rxa5 41.Bd4 Rg5 42.Bxa7 Rf5  0-1

[Event "Acropolis WGM"]
[Site "Athens GRE"]
[Date "2003.08.31"]
[Round "7"]
[White "Sharevich,A"]
[Black "Partac,E"]
[Result "1-0"]
[WhiteElo "2299"]
[BlackElo "2253"]

1.d4 Nf6 2.c4 e6 3.g3 Bb4+ 4.Bd2 Qe7 5.Bg2 Nc6 6.Nf3 Bxd2+ 7.Nbxd2 d6 8.O-O O-O
9.e4 e5 10.d5 Nb8 11.h3 a5 12.Ne1 Na6 13.Nd3 c6 14.f4 Nd7 15.Kh2 Nac5 16.Nxc5 Nxc5
17.f5 f6 18.Nb1 Bd7 19.Nc3 Rfb8 20.Qd2 b5 21.dxc6 Bxc6 22.cxb5 Be8 23.Rad1 a4
24.Rfe1 Rd8 25.Bf1 Qa7 26.g4 Rac8 27.g5 a3 28.gxf6 axb2 29.Bc4+ Bf7 30.Nd5 Bxd5
31.Bxd5+ Kh8 32.fxg7+ Qxg7 33.Rg1 Qf6 34.Qxb2 Na4 35.Qd2 Nc3 36.Rde1 Nxb5
37.Qg2 Rb8 38.Rb1 h6 39.Qg6 Rf8 40.Qxf6+ Rxf6 41.a4  1-0

[Event "Acropolis GM"]
[Site "Athens GRE"]
[Date "2003.09.01"]
[Round "8"]
[White "Mastrovasilis,A"]
[Black "Parligras,M"]
[Result "1/2-1/2"]
[WhiteElo "2499"]
[BlackElo "2525"]

1.d4 Nf6 2.c4 e6 3.g3 Bb4+ 4.Bd2 Bxd2+ 5.Nxd2 Nc6 6.Ngf3 d6 7.Bg2 O-O 8.O-O a5
9.Qc2 e5 10.d5 Nb8 11.e4 Na6 12.Ne1 Nc5 13.Nd3 Nxd3 14.Qxd3 Nd7 15.Qe3 Nc5  1/2-1/2

[Event "V Open"]
[Site "Sants ESP"]
[Date "2003.09.01"]
[Round "3"]
[White "Akesson,R"]
[Black "Aloma Vidal,R"]
[Result "1-0"]
[WhiteElo "2431"]
[BlackElo "2153"]

1.d4 Nf6 2.c4 e6 3.g3 Bb4+ 4.Nd2 c5 5.a3 Bxd2+ 6.Qxd2 cxd4 7.Nf3 O-O 8.Bg2 Qc7
9.Qxd4 Nc6 10.Qh4 Ne7 11.Qf4 d6 12.b3 e5 13.Qe3 Be6 14.O-O h6 15.Bb2 Nf5
16.Qc3 Rac8 17.Rac1 b6 18.Nd2 Qe7 19.Qd3 Qc7 20.f4 Ng4 21.Rfe1  1-0